<?xml version="1.0" encoding="UTF-8"?>
<collection xmlns="http://www.loc.gov/MARC21/slim">
 <record>
  <leader>01519nam a2200205Ia 4500</leader>
  <controlfield tag="001">CTU_153491</controlfield>
  <controlfield tag="008">210402s9999    xx            000 0 und d</controlfield>
  <datafield tag="082" ind1=" " ind2=" ">
   <subfield code="a">372.21</subfield>
  </datafield>
  <datafield tag="082" ind1=" " ind2=" ">
   <subfield code="b">H516</subfield>
  </datafield>
  <datafield tag="100" ind1=" " ind2=" ">
   <subfield code="a">Henniger, Michael L.</subfield>
  </datafield>
  <datafield tag="245" ind1=" " ind2="0">
   <subfield code="a">Teaching young children :</subfield>
  </datafield>
  <datafield tag="245" ind1=" " ind2="3">
   <subfield code="b">An introduction</subfield>
  </datafield>
  <datafield tag="245" ind1=" " ind2="0">
   <subfield code="c">Michael L. Henniger</subfield>
  </datafield>
  <datafield tag="260" ind1=" " ind2=" ">
   <subfield code="a">New Jersey</subfield>
  </datafield>
  <datafield tag="260" ind1=" " ind2=" ">
   <subfield code="b">Prentice Hall</subfield>
  </datafield>
  <datafield tag="260" ind1=" " ind2=" ">
   <subfield code="c">2009</subfield>
  </datafield>
  <datafield tag="520" ind1=" " ind2=" ">
   <subfield code="a">Appropriate for courses in Introduction to Early Childhood Education. Exceptionally lively, practical, and reader-friendly, this introduction to early childhood education text is unique because of its focus on the value of play. Strong coverage of child development, as well as thoughtful discussions about guiding young children, working with families, and celebrating diversity will help teachers facilitate all aspects of the 0-to-8-year-old child's physical, social/emotional, and intellectual growth. The text also includes an overview and concise history of the field, information on professional development, and clear explanations of theoretical foundations for early childhood education. Chapters on curriculum in the areas of mathematics, science, social studies, language and literacy, and the creative arts show teachers how to link theory to classroom practice, making this comprehensive and engaging textbook particularly useful</subfield>
  </datafield>
  <datafield tag="650" ind1=" " ind2=" ">
   <subfield code="a">Early childhood education,Giáo dục trẻ em khi còn nhỏ</subfield>
  </datafield>
  <datafield tag="904" ind1=" " ind2=" ">
   <subfield code="i">Tuyến</subfield>
  </datafield>
  <datafield tag="980" ind1=" " ind2=" ">
   <subfield code="a">Trung tâm Học liệu Trường Đại học Cần Thơ</subfield>
  </datafield>
 </record>
</collection>
